| 000 | 01290cam a22002891i 4500 | ||
|---|---|---|---|
| 003 | SA-RiAUC | ||
| 005 | 20250723053107.0 | ||
| 008 | 250716s1996 le g 00000dara c | ||
| 040 |
_aSA-RiAUC _bara _cSA-RiAUC _erda |
||
| 082 | 0 | 4 |
_a255 _qSA-RiAUC |
| 090 |
_a255 _bا ب و ز |
||
| 100 | 1 |
_aأبو زيد، بكر بن عبد الله، _d1365-1429 هجري _eمؤلف. |
|
| 245 | 1 | 0 |
_aأحكام الجناية على النفس وما دونها عند ابن القيم الجوزية : _bدراسة وموازنة / _cتأليف بكر بن عبد الله أبو زيد. |
| 250 | _aالطبعة الأولى. | ||
| 264 | 1 |
_aبيروت : _bمؤسسة الرسالة، _c1996 |
|
| 300 |
_a438 صفحة ؛ _c24 سم |
||
| 336 |
_aنص _btxt _2rdacontent _3كتاب |
||
| 337 |
_aبدون وسيط _bn _2rdamedia |
||
| 338 |
_aمجلد _bnc _2rdacarrier |
||
| 600 | 1 | 7 |
_aابن قيم الجوزية، محمد بن أبي بكر بن أيوب، _d691-751 هجري _2aucnm |
| 650 | 7 |
_aالحدود (شريعة إسلامية) _2aucsh |
|
| 650 | 7 |
_aالقصاص (فقه إسلامي) _2aucsh |
|
| 650 | 7 |
_aالعقوبات (فقه إسلامي) _2aucsh |
|
| 650 | 7 |
_aالجنايات (فقه إسلامي) _2aucsh |
|
| 942 |
_2ddc _cBOOK _n0 |
||
| 949 |
_aSA-JeALM _d250716 _uosman123 _n1 |
||
| 999 |
_c10194 _d10194 |
||